000 00946cam a22002411 4500
001 gs 31000245
003 DLC
005 20260227111336.0
008 861027s1931 at ab f000 0 eng c
010 _ags 31000245
035 _a(OCoLC)14522679
040 _aLibrary, U.S. Geological Survey
_cTxDaM
_dDLC
042 _apremarc
050 0 0 _aQE345
_b.A4 no. 15
100 1 _aJack, Robert Lockhart,
_d1878-
245 1 0 _a... Report on the geology of the region to the north and north-west of Tarcoola (with map)
_cBy R. Lockhart Jack ...
260 _aAdelaide,
_bPrinted by H. Weir, government printer,
_c1931.
300 _a31 p.
_bincl. tables. fold. col. map.
_c1931.
490 0 _aSouth Australia. Geological Survey. Bulletin
_vno. 15
500 _aAt head of title: South Australia. Department of Mines.
650 0 _aGeology
_zSouth Australia.
740 0 _aTarcoola, Report on the geology of the region to the north and north-west of.
999 _c26907
_d26907